Estadísticas para Países con las Mejores Universidades

Haz click aquí para tomar la prueba!

Estadísticas generales

  • Esta prueba ha sido tomada 1.077 veces
  • La puntuación promedio es 13 de 15

Estadísticas de respuestas

#País% Correcto
47Estados Unidos
100%
28Reino Unido
99%
5Francia
98%
11Alemania
97%
3España
97%
12China
96%
9Japón
94%
7Canadá
94%
5Suecia
87%
9Australia
85%
10Países Bajos
80%
7Suiza
80%
4Bélgica
76%
7Corea del Sur
73%
3Dinamarca
69%

Distribución de puntuación

Porcentaje por número respondido

Porcentaje de gente con cada puntuación

Historial de tus puntuaciones

No has tomado esta prueba